[Event "XVII Torneo Internacional de Ajedrez "]
[Site "Albacete - ESPAÑA"]
[Date "2009.09.05"]
[Round "8.2"]
[White "Gomez Garrido, Camilo"]
[Black "Ortiz Suarez, Isan Reynaldo"]
[Result "0-1"]
[WhiteElo "2473"]
[BlackElo "2517"]
[PlyCount "146"]
[EventDate "2009.09.01"]

1. e4 c5 2. Nf3 d6 3. d4 cxd4 4. Nxd4 Nf6 5. Nc3 a6 6. Be3 e6 7. f3 b5 8. g4 b4
9. Nce2 h6 10. c4 e5 11. Nf5 g6 12. Nfg3 Nc6 13. h4 Be6 14. b3 h5 15. g5 Nd7
16. Bg2 Be7 17. O-O f6 18. f4 fxg5 19. f5 Bf7 20. fxg6 Bxg6 21. Qd5 gxh4 22.
Qe6 Nf8 23. Rxf8+ Rxf8 24. Qxg6+ Kd7 25. Nxh5 Rg8 26. Qf5+ Kc7 27. Kh1 Bg5 28.
Bg1 Qe7 29. Qf2 Rab8 30. c5 dxc5 31. Qxc5 Qf7 32. Rd1 Rgd8 33. Nd4 exd4 34.
Qxg5 h3 35. Qg3+ Kb7 36. Bf3 Rg8 37. Qf4 Qxf4 38. Nxf4 Rbf8 39. Bh2 Rxf4 40.
Bxf4 Rf8 41. Kh2 Rxf4 42. Kg3 Rf8 43. e5 h2 44. e6 Kb6 45. Bg2 Re8 46. Bh3 Nd8
47. Kxh2 Nxe6 48. Kg3 Rg8+ 49. Kf2 Nf4 50. Bf1 Rf8 51. Kg3 Nh5+ 52. Kg2 Kc5 53.
Rc1+ Kd6 54. Rc4 Nf4+ 55. Kg1 Ke5 56. Rc5+ Ke4 57. Bxa6 d3 58. Bb7+ Ke3 59.
Re5+ Kd2 60. Re4 Ne2+ 61. Kg2 Rf4 62. Re8 Nc3 63. Kg3 Rf7 64. Ba6 Kc2 65. Bxd3+
Kxd3 66. Ra8 Nb5 67. Rb8 Rf5 68. Kg4 Rc5 69. Kf4 Kc3 70. Re8 Kb2 71. Re4 Ka3
72. Re2 Nc3 73. Rc2 Nd5+ 0-1

[Event "XVII Torneo Internacional de Ajedrez "]
[Site "Albacete - ESPAÑA"]
[Date "2009.09.05"]
[Round "8.3"]
[White "Rivas Pastor, Manuel"]
[Black "Hernandez Carmenates, Holden"]
[Result "1-0"]
[WhiteElo "2529"]
[BlackElo "2561"]
[PlyCount "20"]
[EventDate "2009.09.01"]

1. c4 Nf6 2. Nc3 e5 3. Nf3 Nc6 4. e3 Bb4 5. Qc2 O-O 6. Nd5 Re8 7. Qf5 d6 8.
Nxf6+ gxf6 9. Qh5 d5 10. Bd3 e4 {......} 1-0

[Event "XVII Torneo Internacional de Ajedrez "]
[Site "Albacete - ESPAÑA"]
[Date "2009.09.05"]
[Round "8.4"]
[White "Gomez Ledo, Roberto Carlos"]
[Black "Marholev, Dimitar"]
[Result "1/2-1/2"]
[WhiteElo "2423"]
[BlackElo "2413"]
[PlyCount "55"]
[EventDate "2009.09.01"]

1. d4 Nf6 2. Bg5 e6 3. e4 h6 4. Bxf6 Qxf6 5. Nc3 Bb4 6. Qd3 O-O 7. a3 Bxc3+ 8.
Qxc3 Nc6 9. Ne2 b6 10. d5 Qxc3+ 11. Nxc3 Nd4 12. O-O-O e5 13. f4 d6 14. f5 Bd7
15. Bc4 b5 16. Ba2 a5 17. Rhe1 b4 18. Ne2 Nb5 19. Kd2 Rfb8 20. axb4 axb4 21.
Bc4 Na7 22. Ra1 Nc8 23. Reb1 Nb6 24. Bb3 Kf8 25. Nc1 c5 26. dxc6 Bxc6 27. Ke3
Nd7 28. Nd3 1/2-1/2

[Event "XVII Torneo Internacional de Ajedrez "]
[Site "Albacete - ESPAÑA"]
[Date "2009.09.05"]
[Round "8.5"]
[White "Suba, Mihai"]
[Black "Hoffman, Alejandro"]
[Result "1/2-1/2"]
[WhiteElo "2501"]
[BlackElo "2408"]
[PlyCount "94"]
[EventDate "2009.09.01"]

1. c4 e6 2. Nf3 d5 3. b3 Nf6 4. g3 Be7 5. Bg2 O-O 6. O-O d4 7. e3 c5 8. exd4
cxd4 9. a3 a5 10. d3 Nc6 11. Bg5 h6 12. Bxf6 Bxf6 13. Nbd2 Be7 14. Ne1 Bd7 15.
Nc2 Rb8 16. Rb1 b5 17. cxb5 Rxb5 18. Nc4 e5 19. b4 axb4 20. axb4 f6 21. N4a3
Rb8 22. Qe1 Re8 23. b5 Na7 24. Qe4 Be6 25. b6 Rxb6 26. Rxb6 Qxb6 27. Rb1 Qc5
28. Nc4 Nb5 29. Qg6 Bf7 30. Qg4 Nd6 31. N2a3 f5 32. Qd1 e4 33. Nxd6 Bxd6 34.
Nc2 e3 35. Bf3 exf2+ 36. Kxf2 f4 37. g4 h5 38. gxh5 Re5 39. Ne1 Bxh5 40. Bxh5
Rxh5 41. Nf3 Rh3 42. Rc1 Rxf3+ 43. Kxf3 Qh5+ 44. Ke4 Qe5+ 45. Kf3 Qh5+ 46. Ke4
Qe5+ 47. Kf3 Qh5+ 1/2-1/2

[Event "XVII Torneo Internacional de Ajedrez "]
[Site "Albacete - ESPAÑA"]
[Date "2009.09.05"]
[Round "8.6"]
[White "Korneev, Oleg"]
[Black "Spassov, Liuben"]
[Result "1-0"]
[WhiteElo "2554"]
[BlackElo "2434"]
[PlyCount "71"]
[EventDate "2009.09.01"]

1. e4 e5 2. Nf3 Nc6 3. Bc4 Bc5 4. c3 Nf6 5. d3 a6 6. O-O Ba7 7. Bb3 d6 8. Nbd2
O-O 9. h3 Ne7 10. Re1 Ng6 11. Nf1 Be6 12. Ng3 h6 13. d4 Re8 14. Bc2 Nh7 15. Be3
Ng5 16. Nh2 Nh7 17. Nf5 c5 18. dxc5 dxc5 19. Qh5 Nf6 20. Qe2 c4 21. Rad1 Qc7
22. Bxa7 Rxa7 23. Ng4 Nxg4 24. Qxg4 Raa8 25. h4 Qb6 26. b3 Rac8 27. bxc4 Rxc4
28. Bb3 Bxf5 29. Qxf5 Rc7 30. g3 Nf8 31. Rd5 Qf6 32. Qxf6 gxf6 33. Rd6 Ne6 34.
Rb6 Ree7 35. Bd5 Rxc3 36. Reb1 {....} 1-0

[Event "XVII Torneo Internacional de Ajedrez "]
[Site "Albacete - ESPAÑA"]
[Date "2009.09.05"]
[Round "8.7"]
[White "Pogorelov, Ruslan"]
[Black "Espinosa Aranda, Angel"]
[Result "0-1"]
[WhiteElo "2477"]
[BlackElo "2356"]
[PlyCount "92"]
[EventDate "2009.09.01"]

1. c4 c6 2. Nf3 d5 3. d4 Nf6 4. e3 e6 5. Nbd2 c5 6. cxd5 exd5 7. dxc5 Bxc5 8.
Nb3 Bb6 9. Bb5+ Nc6 10. Nbd4 Bd7 11. Qa4 a6 12. Bxc6 bxc6 13. Ne5 c5 14. Nxd7
Qxd7 15. Qxd7+ Kxd7 16. Nf3 Rab8 17. Ke2 Ne4 18. Rd1 Ke6 19. Rd3 Ba5 20. Ra3
Rb5 21. b4 cxb4 22. Nd4+ Kd7 23. Rd3 Nc5 24. Rd1 Rb7 25. Nb3 Nxb3 26. axb3 Rb5
27. Rd2 Rc8 28. Rda2 Bd8 29. Rxa6 Bf6 30. Ra7+ Ke8 31. Ra8 Rbc5 32. Rxc8+ Rxc8
33. Rb1 Rc2+ 34. Bd2 Bc3 35. Rd1 Rb2 36. Kd3 Rxb3 37. Bxc3 Rxc3+ 38. Ke2 Rc2+
39. Kf3 b3 40. Rxd5 b2 41. Rb5 Kd7 42. e4 Kc6 43. Rb8 Kc5 44. Ke3 Kc4 45. h4
Rc3+ 46. Kd2 Rb3 0-1

[Event "XVII Torneo Internacional de Ajedrez "]
[Site "Albacete - ESPAÑA"]
[Date "2009.09.05"]
[Round "8.8"]
[White "Pozo Vera, Sandro"]
[Black "Fernandez Cardoso, Alexey"]
[Result "0-1"]
[WhiteElo "2464"]
[BlackElo "2413"]
[PlyCount "68"]
[EventDate "2009.09.01"]

1. d4 Nf6 2. c4 c6 3. Nc3 d5 4. Nf3 e6 5. Bg5 h6 6. Bxf6 Qxf6 7. e3 Nd7 8. Bd3
dxc4 9. Bxc4 g6 10. O-O Qe7 11. e4 Bg7 12. e5 O-O 13. Re1 Rd8 14. Qc2 b6 15.
Rad1 Bb7 16. a3 Nf8 17. Ba2 g5 18. h3 Ng6 19. Nh2 Rd7 20. Ne4 Rad8 21. Nd6 Ba8
22. Ng4 h5 23. Ne3 Rxd6 24. exd6 Qxd6 25. Nc4 Qd5 26. b4 Nf4 27. Ne3 Qd7 28.
Nc4 Bxd4 29. Ne5 Qb7 30. Qe4 c5 31. Qxb7 Bxb7 32. bxc5 bxc5 33. Nf3 Nxh3+ 34.
Kf1 Ba6+ 0-1

[Event "XVII Torneo Internacional de Ajedrez "]
[Site "Albacete - ESPAÑA"]
[Date "2009.09.05"]
[Round "8.9"]
[White "Sanchez Jerez, Emilio Miguel"]
[Black "Fernandez Romero, Ernesto"]
[Result "0-1"]
[WhiteElo "2240"]
[BlackElo "2457"]
[PlyCount "69"]
[EventDate "2009.09.01"]

1. e4 c6 2. d4 d5 3. e5 Bf5 4. Nd2 e6 5. Nb3 Nd7 6. Nf3 Ne7 7. Be2 Bg4 8. O-O
Nf5 9. h3 Bxf3 10. Bxf3 g6 11. Bd2 h5 12. Be2 Be7 13. a4 Nb6 14. Ba5 Qb8 15.
Bc3 Nd7 16. a5 Qc7 17. Qd2 a6 18. Bb4 c5 19. Nxc5 Nxc5 20. Bxc5 Bxc5 21. dxc5
Qxc5 22. Bd3 Rc8 23. Rfe1 Nd4 24. Ra4 Nc6 25. Qg5 Qe7 26. Qd2 Kf8 27. Qf4 Kg7
28. Re3 h4 29. c4 d4 30. Re1 Rh5 31. Qd2 Rxe5 32. Rxe5 Nxe5 33. Be4 Rd8 34. Rb4
Rd7 35. Rb6 0-1

[Event "XVII Torneo Internacional de Ajedrez "]
[Site "Albacete - ESPAÑA"]
[Date "2009.09.05"]
[Round "8.10"]
[White "Guerra Mendez, Jose Angel"]
[Black "Fenollar Jorda, Manuel"]
[Result "1/2-1/2"]
[WhiteElo "2438"]
[BlackElo "2311"]
[PlyCount "95"]
[EventDate "2009.09.01"]

1. e4 e6 2. d4 d5 3. Nc3 Nf6 4. e5 Nfd7 5. f4 c5 6. Nf3 Nc6 7. Ne2 cxd4 8.
Nexd4 Nxd4 9. Nxd4 Bc5 10. c3 O-O 11. Be3 Qe7 12. Bd3 f6 13. exf6 Nxf6 14. O-O
e5 15. fxe5 Qxe5 16. Bf4 Bxd4+ 17. Kh1 Qh5 18. cxd4 Qxd1 19. Raxd1 Bg4 20. Rde1
Rae8 21. h3 Bd7 22. Be5 Bc6 23. b4 a6 24. Rc1 Rc8 25. Kh2 Ne4 26. Rxf8+ Kxf8
27. b5 axb5 28. Bxb5 g5 29. Bxc6 bxc6 30. h4 gxh4 31. Kh3 Nf2+ 32. Kxh4 Nd3 33.
Bd6+ Ke8 34. Rc3 Kd7 35. Bg3 Nb2 36. Rb3 Nc4 37. Rb7+ Ke6 38. Rxh7 Ra8 39. Rc7
Rxa2 40. Rxc6+ Kf5 41. Kh3 Ne3 42. Be5 Rxg2 43. Rc3 Re2 44. Kh4 Ng2+ 45. Kg3
Re3+ 46. Rxe3 Nxe3 47. Kf3 Nc2 48. Bh8 1/2-1/2

[Event "XVII Torneo Internacional de Ajedrez "]
[Site "Albacete - ESPAÑA"]
[Date "2009.09.05"]
[Round "8.11"]
[White "Llavador Moron, Juan Jose"]
[Black "Khamrakulov, Ibragim S"]
[Result "0-1"]
[WhiteElo "2171"]
[BlackElo "2554"]
[PlyCount "100"]
[EventDate "2009.09.01"]

1. d4 Nf6 2. Bg5 e6 3. e4 c5 4. e5 h6 5. Bc1 Nd5 6. c4 Nb6 7. dxc5 Bxc5 8. Nf3
d5 9. exd6 Bxd6 10. Nc3 O-O 11. Be3 Na6 12. Be2 e5 13. O-O Qe7 14. a3 Be6 15.
Bxb6 axb6 16. Nd5 Bxd5 17. Qxd5 Rad8 18. Qe4 f5 19. Qh4 e4 20. Qxe7 Bxe7 21.
Ne5 Bf6 22. Ng6 Rfe8 23. Rad1 Bxb2 24. Ne7+ Kf7 25. Nxf5 Bxa3 26. Ng3 Nc5 27.
f3 e3 28. Nf5 Ne6 29. Rxd8 Rxd8 30. Rd1 Rxd1+ 31. Bxd1 Bc5 32. Kf1 Kf6 33. Ng3
Ke5 34. Ne2 Bb4 35. g3 Kd6 36. Bc2 Kc5 37. Bd3 Bd2 38. Kg2 Kb4 39. Nf4 Nd4 40.
Ne2 Nc6 41. f4 Na5 42. g4 Nxc4 43. h4 b5 44. f5 Nd6 45. g5 hxg5 46. hxg5 Kc5
47. f6 gxf6 48. gxf6 Kd5 49. f7 Nxf7 50. Bxb5 Nd6 0-1

[Event "XVII Torneo Internacional de Ajedrez "]
[Site "Albacete - ESPAÑA"]
[Date "2009.09.05"]
[Round "8.12"]
[White "Garcia Roman, Jose Luis Machado"]
[Black "Dolezal, Cristian"]
[Result "0-1"]
[WhiteElo "2033"]
[BlackElo "2403"]
[PlyCount "58"]
[EventDate "2009.09.01"]

1. b4 e5 2. Bb2 f6 3. b5 d5 4. e3 Be6 5. a4 Nh6 6. Nf3 c5 7. bxc6 Nxc6 8. Be2
Rc8 9. O-O Be7 10. Na3 O-O 11. c4 Na5 12. d3 dxc4 13. Nxc4 Nxc4 14. dxc4 Qa5
15. Qc2 Rc7 16. Bc3 Qc5 17. Nd2 Rd7 18. Ne4 Qc7 19. Nd2 Rfd8 20. Rfc1 Nf5 21.
Qb2 Nh4 22. g3 Nf5 23. Rab1 Qc6 24. c5 Nxe3 25. fxe3 Bxc5 26. Nf1 Qe4 27. Bb5
Rc7 28. Ba5 Bxe3+ 29. Nxe3 Qxe3+ 0-1

[Event "XVII Torneo Internacional de Ajedrez "]
[Site "Albacete - ESPAÑA"]
[Date "2009.09.05"]
[Round "8.13"]
[White "Cano Sanchez, Josue"]
[Black "Path, David"]
[Result "1/2-1/2"]
[WhiteElo "2308"]
[BlackElo "2068"]
[PlyCount "58"]
[EventDate "2009.09.01"]

1. d4 d5 2. Nf3 Nf6 3. c4 e6 4. Nc3 Nbd7 5. cxd5 exd5 6. Bf4 c6 7. e3 Nh5 8.
Be5 Nxe5 9. dxe5 g6 10. Qa4 f5 11. O-O-O Be6 12. Nd4 Kf7 13. Nxe6 Kxe6 14. g4
fxg4 15. Qxg4+ Kf7 16. Bg2 Qc8 17. Qd4 Bg7 18. f4 Rf8 19. f5 Kg8 20. f6 Nxf6
21. exf6 Rxf6 22. Qh4 Qf8 23. Rd2 Re8 24. Nd1 Bh6 25. Rd3 Rf5 26. Kb1 Rh5 27.
Qe1 Rhe5 28. Rf1 Qe7 29. Rf3 Bg5 1/2-1/2

[Event "XVII Torneo Internacional de Ajedrez "]
[Site "Albacete - ESPAÑA"]
[Date "2009.09.05"]
[Round "8.14"]
[White "Ontanon Gomez, Pablo"]
[Black "Fernandez Barrera, Victor"]
[Result "0-1"]
[WhiteElo "1916"]
[BlackElo "2302"]
[PlyCount "90"]
[EventDate "2009.09.01"]

1. e4 c5 2. Nf3 Nc6 3. d4 cxd4 4. Nxd4 g6 5. c4 Bg7 6. Be3 Nf6 7. Nc3 O-O 8.
Be2 d6 9. O-O Bd7 10. Rc1 Nxd4 11. Bxd4 Qa5 12. b3 Bc6 13. f3 a6 14. Nd5 Bxd5
15. exd5 Rfc8 16. Bc3 Qa3 17. Qd2 a5 18. Rfe1 Nd7 19. Bxg7 Kxg7 20. Bf1 Re8 21.
Re3 Qc5 22. Kh1 Nf6 23. Rce1 Kf8 24. Qe2 Qc7 25. Qb2 Qd7 26. Qd4 Rac8 27. a4
Rc5 28. g4 Kg8 29. h4 Rcc8 30. Kh2 Qd8 31. Bh3 Nd7 32. h5 g5 33. f4 gxf4 34.
Qxf4 Ne5 35. Qg5+ Kh8 36. h6 Rg8 37. Qf4 f6 38. g5 fxg5 39. Qf5 Qc7 40. c5 Rcf8
41. cxd6 exd6 42. Qe4 Rf4 43. Qg2 g4 44. Rg3 Qf7 45. Re2 gxh3 0-1

[Event "XVII Torneo Internacional de Ajedrez "]
[Site "Albacete - ESPAÑA"]
[Date "2009.09.05"]
[Round "8.15"]
[White "Serna Lara, Sergio"]
[Black "Madurga Lopez, Ignacio"]
[Result "0-1"]
[WhiteElo "2244"]
[BlackElo "1821"]
[PlyCount "54"]
[EventDate "2009.09.01"]

1. d4 Nf6 2. g3 c5 3. d5 e6 4. c4 b5 5. Bg2 Bb7 6. e4 bxc4 7. Ne2 d6 8. Na3
exd5 9. exd5 Nbd7 10. Nxc4 Be7 11. O-O O-O 12. a4 Nb6 13. Ne3 a5 14. Nc3 Ba6
15. Re1 Re8 16. Nb5 Qd7 17. Bf1 Reb8 18. b3 Ne8 19. Nc4 Nc7 20. Bf4 Bxb5 21.
axb5 Nxb5 22. Rxa5 Nxc4 23. Rxa8 Rxa8 24. bxc4 Nd4 25. Qd3 Rb8 26. Qe4 Bf6 27.
Bxd6 Qxd6 0-1

[Event "XVII Torneo Internacional de Ajedrez "]
[Site "Albacete - ESPAÑA"]
[Date "2009.09.05"]
[Round "8.16"]
[White "Campayo Hernandez, Juan"]
[Black "Lara Granero, Bio"]
[Result "1/2-1/2"]
[WhiteElo "2171"]
[BlackElo "2035"]
[PlyCount "116"]
[EventDate "2009.09.01"]

1. c4 Nf6 2. g3 e5 3. Bg2 Nc6 4. Nc3 Bc5 5. e3 O-O 6. Nge2 Re8 7. a3 a6 8. d3
d6 9. O-O Rb8 10. h3 h6 11. Kh2 Bd7 12. d4 Ba7 13. b4 exd4 14. exd4 Bf5 15. Be3
Ne7 16. d5 Bxe3 17. fxe3 Bh7 18. Nf4 Ng6 19. Nxg6 Bxg6 20. Qd4 Qe7 21. Rae1 Qe5
22. b5 Qxd4 23. exd4 Bd3 24. Rxe8+ Rxe8 25. Rc1 Bxc4 26. a4 axb5 27. axb5 Re7
28. Kg1 Nd7 29. Kf2 Nb6 30. Ra1 Re8 31. Ra7 Ra8 32. Rxb7 Ra3 33. Ne2 Ra2 34.
Bf3 Bxe2 35. Bxe2 Nxd5 36. Ke1 Ra1+ 37. Kf2 Rc1 38. Bf3 Nb4 39. b6 cxb6 40.
Rxb6 Rc2+ 41. Ke3 Rc3+ 42. Ke2 Na2 43. Rxd6 Nc1+ 44. Kf2 Nd3+ 45. Kf1 Nc1 46.
Rd8+ Kh7 47. Be4+ g6 48. Kf2 Nd3+ 49. Ke2 Nb4 50. d5 Rc4 51. Bf3 Rc2+ 52. Ke3
Rc3+ 53. Ke2 Rc2+ 54. Kd1 Rc3 55. Ke2 Rc2+ 56. Ke3 Rc3+ 57. Kf2 Nd3+ 58. Ke2
Nc1+ 1/2-1/2

[Event "XVII Torneo Internacional de Ajedrez "]
[Site "Albacete - ESPAÑA"]
[Date "2009.09.05"]
[Round "8.18"]
[White "Septien Lopez, Valeriano *"]
[Black "Picazo Lopez, Juan Antonio"]
[Result "0-1"]
[WhiteElo "1945"]
[BlackElo "2244"]
[PlyCount "46"]
[EventDate "2009.09.01"]

1. e4 d5 2. exd5 Nf6 3. Bb5+ Bd7 4. Be2 Bf5 5. Nf3 Nxd5 6. O-O e6 7. c4 Nb4 8.
a3 Bc2 9. Qe1 Nd3 10. Bxd3 Bxd3 11. Nc3 Bxf1 12. Qxf1 Nc6 13. d4 Nxd4 14. Nxd4
Qxd4 15. Be3 Qd7 16. Rd1 Qc8 17. Nb5 a6 18. Nc3 Be7 19. Ne4 O-O 20. Qe2 Rd8 21.
Rc1 Qd7 22. Qh5 Qd3 23. Bg5 Qxe4 0-1

[Event "XVII Torneo Internacional de Ajedrez "]
[Site "Albacete - ESPAÑA"]
[Date "2009.09.05"]
[Round "8.19"]
[White "Boj Marques, Javier"]
[Black "Jimenez Martinez, Jose Vicente"]
[Result "1/2-1/2"]
[WhiteElo "1836"]
[BlackElo "2241"]
[PlyCount "45"]
[EventDate "2009.09.01"]

1. e4 g6 2. d4 Bg7 3. Nc3 d6 4. Be3 c6 5. Nf3 b5 6. Bd3 Nd7 7. Qd2 a6 8. Ne2
Bb7 9. c3 Qc7 10. O-O c5 11. d5 h6 12. Bc2 Ngf6 13. Rad1 a5 14. Bd3 Ba6 15. b3
g5 16. Ng3 Ng4 17. Nh5 Bf8 18. h3 Nxe3 19. fxe3 Rg8 20. Nh2 Ne5 21. Ng4 Nxg4
22. hxg4 f6 23. Qf2 1/2-1/2

[Event "XVII Torneo Internacional de Ajedrez "]
[Site "Albacete - ESPAÑA"]
[Date "2009.09.05"]
[Round "8.20"]
[White "Martinez Lozano, Miguel Angel"]
[Black "Diaz Illescas, Juan Carlos *"]
[Result "1-0"]
[WhiteElo "2229"]
[BlackElo "1947"]
[PlyCount "55"]
[EventDate "2009.09.01"]

1. e4 c5 2. Nf3 e6 3. d4 cxd4 4. Nxd4 Qb6 5. Nb3 Qc7 6. Nc3 a6 7. Bd3 Nf6 8. f4
d6 9. Qf3 Be7 10. Be3 Nc6 11. g4 h6 12. O-O-O Bd7 13. Rhg1 O-O-O 14. Qf2 Rdf8
15. Bb6 Qb8 16. Kb1 Bd8 17. Na4 Bxb6 18. Nxb6+ Kc7 19. e5 dxe5 20. fxe5 Nd5 21.
Nxd7 Kxd7 22. c4 Nde7 23. Nc5+ Kc8 24. Bc2 Nxe5 25. Be4 N7c6 26. Bxc6 bxc6 27.
Nxa6 Rd8 28. Nxb8 1-0